|
|
|
|
| LEADER |
00000nam a2200000 a 4500 |
| 001 |
vtls010272169 |
| 003 |
SK-MaSNL |
| 005 |
20260331205757.0 |
| 008 |
110418s2011 xo k j f000 0 slo |
| 013 |
|
|
|a 287610
|b SK
|c patent
|d 20110405
|e dátum nadobudnutia účinkov patentu (Vestník ÚPV SR č.: 4/2011)
|d 20110317
|e dátum sprístupnenia patentu
|
| 013 |
|
|
|a 4-2008
|e číslo prihlášky
|d 20080116
|e dátum podania prihlášky
|d 20090806
|e dátum zverejnenia prihlášky (Vestník ÚPV SR č.: 8/2009)
|
| 015 |
|
|
|a SNBN2013
|
| 040 |
|
|
|a SNK
|b slo
|c SNK
|e AACR2
|
| 041 |
0 |
|
|a slo
|
| 044 |
|
|
|a xo
|c SK
|
| 072 |
|
7 |
|a 678
|x Priemysel makromolekulárnych látok. Gumárenský priemysel. Priemysel plastov
|2 konspekt
|
| 080 |
|
|
|a 678.4
|2 2001
|
| 080 |
|
|
|a 678.028
|2 2001
|
| 084 |
|
|
|a C01B 17/00
|2 IPC
|
| 100 |
1 |
|
|a Štubňa, Michal
|4 org
|4 pth
|9 335291
|
| 245 |
1 |
0 |
|a Spôsob prípravy prevažne kopolymérnej až multikomponentnej kopolymérnej síry
|c Michal Štubňa ... [et al.]
|
| 260 |
|
|
|a [Banská Bystrica]
|b Úrad priemyselného vlastníctva SR
|c [2011]
|
| 300 |
|
|
|a 7 s.
|b tab.
|c 30 cm
|
| 650 |
0 |
7 |
|a kaučuk
|2 SVKBBPH
|9 23100
|
| 650 |
0 |
7 |
|a vulkanizácia
|2 SVKBBPH
|9 26908
|
| 655 |
|
7 |
|a patenty
|2 SVKBBPH
|9 177343
|
| 700 |
1 |
|
|a Macho, Vendelín,
|d 1931-2011
|4 org
|4 pth
|9 159871
|
| 700 |
1 |
|
|a Olšovský, Milan,
|d 1979-
|4 org
|4 pth
|9 170415
|
| 700 |
1 |
|
|a Jureček, Ľudovít
|4 org
|4 pth
|9 416458
|
| 700 |
1 |
|
|a Michálek, Jaroslav
|4 org
|9 5413
|
| 852 |
|
|
|a Štátna vedecká knižnica v Banskej Bystrici
|
| 999 |
|
|
|c 1007162
|d 1009092
|
| 952 |
|
|
|a SNK
|b SNK
|y PREZ
|7 0
|p 17A1057945
|o snkSK 287610
|i snk2012/24855
|8 0
|0 0
|1 0
|4 0
|d 2012-12-03
|l 0
|r 2026-02-24 12:39:59
|w 2026-02-24
|